00613 2200193 4500001002100000005001500021035002000036007000300056008003900059082001000098084001700108100001700125245013100142260005700273300004000330650001100370650002500381022001300406INLIS00000000000126320250325090011 a0010-0325000025ta250325 | | |  a631.2 a631.2 IKH e0 aIkhlas Ghiat1 aEnhancing efficiency in closed agricultural greenhouses: A data-driven predictive model for energy consumption /cIkhlas Ghiat a17551315 :bUnited Kingdom, Bristol,cIOP Publishing a1-8 hlm, :bIlus ;c21 cm x 29,7 cm 4aJurnal 4arumah kaca pertanian a17551315